000 01636cam a2200481 a 4500
001 22122
003 VRT
005 20260320111713.0
008 240318s2015 xo e 000 f slo
015 _aSNBA2016/03
020 _a9788081145131
_q(brož.)
035 _aurn:nbn:sk:snk-am00bajy
035 _aurn:nbn:sk:snk-am3h8fg
035 _aF6CCE402-C4A5-4E77-9113-B925F7EA1559
039 9 _a202403182128
_bVLOAD
_c201811301429
_dVLOAD
_c201808201516
_dmbpksh04
_c201605101408
_dmsavuk02
040 _aPPPK
_bslo
_cPPPK
_dSNK
_eAACR2
041 0 _aslo
044 _axo
_cSK
072 7 _a821.162.4-3
_xSlovenská próza
_2konspekt
080 _a821.162.4-31
_22011
100 1 _aMonošová, Martina,
_d1972-
_4aut
245 1 0 _aKlišé
_btri hrany trojuholníka jednej manželskej nevery
_cMartina Monošová
250 _a2. vyd.
260 _aBratislava
_bMarenčin PT
_c2015
300 _a318 s.
_c17 cm
655 7 _aslovenské romány
_2SNKPH
655 7 _aSlovak fiction
_2SNKPHeng
910 _apppk
910 _asllk
910 _ahevk
910 _asnk
910 _asavuk
910 _abpksh
942 _2ddc
_cKLDO
_n0
949 _617A1180481
_asnkSD 85001
_bsnk2016/4010
_o393/16
_s6100:20160304
949 _6270001000528288
_asvkbbA 147199
_bsvkbbm 759804
949 _617A1180495
_asnkSD 85001 D1
_bsnk2016/4272
_o393/16
949 _6273K0598632
_asvkpoA 228469
_bsvkpo594984
949 _62889311626
_asavukPV 22204
_bsavuk2016/1277
949 _63869A14250
_abpksh821.162.4-31
_bbpksh70915
949 _63869A14249
_abpksh821.162.4-31
_bbpksh70914
999 _c22122
_d22122